000 00689nam a2200241Ia 4500
003 OSt
005 20220918224529.0
006 a|||||r|||| 00| 0
007 ta
008 220917b |||||||| |||| 00| 0 eng d
024 _a229,813
037 _cTextual
040 _aARTS
_cARTS
_beng
041 _2eng
_aeng
082 _aWw1,P00<-M60, P3-;1 (TTW)
100 _aPalmer Alan
_9108080
245 0 _aWho's who in world politics
_b from 1860 to the present day
260 _aLondon
_bRoutledge
_c2003
300 _ax, 363p.
_ccm.
650 _aPOLITICAL SCIENCE
942 _hWw1,P00<-M60, P3-;1 (TTW)
_cTEXL
_2CC
999 _c281538
_d281538